| 000 | 00515nam a2200145Ia 4500 | ||
|---|---|---|---|
| 008 | 231129s1994||||xx |||||||||||||| ||spa|| | ||
| 020 | _a84-7583-620-8 | ||
| 040 | _bspa | ||
| 082 | _a658.562 M968c | ||
| 100 | _aMunro-Faure Lesley | ||
| 245 | 0 | _aLa calidad total en acción: Una estrategia empresarial revolucionaria sobre la calidad orientada al cliente y que engloba todas las actividades de la empresa | |
| 260 | _c1994 | ||
| 264 | _aEdiciones Folio | ||
| 942 |
_2ddc _cBKS |
||
| 999 |
_c16533 _d16533 |
||